Statistics for Countries of South America without a map

Click here to take the quiz!

General Stats

  • This quiz has been taken 24 times
    (11 since last reset)
  • The average score is 13 of 13

Answer Stats

HintAnswer% Correct
AArgentina
100%
BBolivia
100%
BBrazil
100%
CChile
100%
CColumbia
100%
GGuyana
100%
PParaguay
100%
PPeru
100%
UUruguay
100%
VVenezuela
100%
EEcuador
90%
Ssuriname
90%
FFrance (french guiana)
80%

Score Distribution

Percentile by Number Answered

Percent of People with Each Score

Your Score History

You have not taken this quiz since the last reset